[Event "Olympiad Women 2024"]
[Site "Budapest HUN"]
[Date "2024.09.20"]
[Round "9.13"]
[Board "2"]
[White "Azali, Tannaz"]
[Black "Zimina, Olga"]
[Result "0-1"]
[WhiteElo "2125"]
[BlackElo "2302"]
[PlyCount "60"]
[EventDate "2024.09.11"]
[WhiteTeam "Iran"]
[BlackTeam "Italy"]
[WhiteTeamCountry "IRI"]
[BlackTeamCountry "ITA"]

1. d4 Nf6 2. c4 e6 3. Nc3 Bb4 4. f3 d5 5. a3 Be7 6. e4 dxe4 7. fxe4 c5 8. d5 exd5 9. exd5 O-O 10. Be2 a6 11. Nf3 h6 12. O-O ({RR} 12. Bf4 Bd6 13. Qd2 Re8 14. O-O Bg4 15. Bd3 Bxf4 16. Qxf4 Nbd7 17. Nd2 Bh5 18. Bf5 Bg6 19. Nde4 Bxf5 20. Qxf5 b5 21. cxb5 axb5 22. Nxf6+ Nxf6 23. Nxb5 Qb8 24. a4 Re5 25. Qf4 Rxd5 26. Qxb8+ Rxb8 {½-½ Vidit,S (2742)-Ding Liren (2780) 86th Tata Steel Masters 2024 (1.3)}) 12... Bd6 13. Qc2 Re8 14. Bd2 Nbd7 $146 ({RR} 14... Bg4 15. Rae1 Nbd7 16. Bd1 Qc7 17. Rxe8+ Rxe8 18. h3 Bxf3 19. Bxf3 Bf4 20. Bd1 Be3+ 21. Bxe3 Rxe3 22. Qf2 Re7 23. Bc2 Qd6 24. Ne2 g6 25. Nf4 b5 26. Qh4 h5 27. b3 Qe5 28. Kh1 g5 29. Qg3 {0-1 Shakhov,D (1947)-Rozum,I (2530) 19th Ugra Governor's Cup 2023 (7.18)}) ({RR} 14... Bg4 15. Rae1 Nbd7 16. h3 Bh5 17. Bd3 Bxf3 18. Rxe8+ Nxe8 19. Rxf3 Ne5 20. Rf1 b5 21. b3 bxc4 22. bxc4 Nf6 23. Ne4 Nxe4 24. Bxe4 Qh4 25. Bf4 Re8 26. Bh2 Nxc4 27. Bh7+ Kh8 28. Bxd6 Qd4+ 29. Kh1 {0-1 Haessel,D (2023)-Vlassov,N (2283) 31st World Senior 50+ 2023 (11.14)}) 15. Rae1 Ne5 16. Nxe5 Bxe5 17. Bf3 Qc7 18. h3 Bd4+ 19. Kh1 Bxh3 20. Ne4 Nxe4 21. Bxe4 Bg4 22. Bf4 Qd8 23. g3 Qd7 24. Bg2 g5 25. Bc1 Qd6 26. Qb3 b5 27. cxb5 Qg6 28. Be3 Qh5+ 29. Kg1 Rxe3 30. Rxe3 c4 0-1

[Event "Olympiad Women 2024"]
[Site "Budapest HUN"]
[Date "2024.09.20"]
[Round "9.13"]
[Board "3"]
[White "Gueci, Tea"]
[Black "Karimi, Setayesh"]
[Result "0-1"]
[WhiteElo "2199"]
[BlackElo "2105"]
[PlyCount "134"]
[EventDate "2024.09.11"]
[WhiteTeam "Italy"]
[BlackTeam "Iran"]
[WhiteTeamCountry "ITA"]
[BlackTeamCountry "IRI"]

1. e4 {Ftacnik,Lubomir} c5 2. Nf3 d6 3. d4 cxd4 4. Nxd4 Nf6 5. Nc3 a6 6. Be3 e5 7. Nb3 Be6 8. f3 h5 9. Nd5 Bxd5 10. exd5 g6 11. Qd2 Nbd7 12. O-O-O Nb6 ({RR} 12... Rc8 13. Kb1 Bg7 14. c4 O-O 15. Be2 Re8 16. Rc1 b6 17. Rhf1 Nc5 18. Nxc5 bxc5 19. Bg5 Rb8 20. Rc2 e4 21. Qf4 e3 22. g4 a5 23. Rg1 a4 24. Bxf6 Bxf6 25. gxh5 Be5 26. Qg5 Qb6) ({RR} 12... Bg7 13. Qb4 Qc7 14. Na5 O-O 15. Nc4 Ne8 16. Nb6 Nxb6 17. Bxb6 Qe7 18. Kb1 Nf6 19. c4 Rfc8 20. Bd3 Nd7 21. Be3) 13. Bg5 ({RR} 13. Qa5 Bh6 ({RR} 13... Nfd7 14. Kb1 Bh6 15. Bf2) 14. Bxh6 Rxh6 15. Kb1 Rc8 16. Qb4 Kf8 ({RR} 16... Nfxd5 17. Rxd5 Nxd5 18. Qd2 Qc7 ({RR} 18... Nf4 19. g3 Qf6 20. gxf4 Qxf4 21. Qd5 Rc7 22. Nd2) 19. c4 Nf4 20. g3 b5 21. cxb5 Ne6 22. Be2 Rh8 23. Rc1) 17. c4 Kg7 18. g3 Rh8 ({RR} 18... g5 19. Bd3 g4 20. f4) 19. Rc1 Qc7 20. Bh3 Rce8 21. Rhd1 ({RR} 21. Rhe1 Nbd7 22. Re3 Ra8) 21... Re7 ({RR} 21... e4 22. c5 Nbxd5 ({RR} 22... dxc5 23. Nxc5 Qd6 24. fxe4 Rxe4 ({RR} 24... Nxe4 25. Qd4+ Nf6 26. Nxb7) 25. Qa3 Qe5 26. Nxe4 Qxe4+ 27. Qd3) 23. Rxd5 Nxd5 24. Qd4+ Nf6 25. cxd6 Qb8 26. Nd2 exf3 27. d7 Re7 28. Rc8 Rxd7 29. Bxd7 Rxc8 30. Ne4) 22. a3 ({RR} 22. c5 Nbxd5 23. Rxd5 Nxd5 24. Qd2 Qc6 25. Na5 Qc7 ({RR} 25... Qb5 26. cxd6 Ree8 27. Bf1) 26. Nb3) 22... Rd8 ({RR} 22... e4 23. c5 dxc5 ({RR} 23... Nbxd5 24. Rxd5 Nxd5 25. Qd4+) 24. Nxc5 Nbxd5 25. Ne6+ fxe6 26. Rxc7 Rxc7 27. Qb3) 23. Nd2 Nbd7 ({RR} 23... e4 24. Qc3 ({RR} 24. Nxe4 Nxe4 25. fxe4 Rxe4 26. Bg2) ({RR} 24. f4 e3 25. Nf3 e2 26. Re1 Rde8) 24... Na4 25. Qc2 ({RR} 25. Qd4 exf3 26. Rf1 Qc5) 25... Nc5 26. fxe4 Nfxe4 27. Nxe4 Nxe4) 24. Qc3 a5 ({RR} 24... Nc5 25. b4 Ncd7 26. g4) 25. Bxd7 ({RR} 25. g4) 25... Nxd7 ({RR} 25... Rdxd7 26. Rf1 Qb6 27. Ne4 Nxe4 28. fxe4 Rc7 29. Qf3) 26. f4 Nf6 ({RR} 26... Nc5 27. Re1 f6) 27. Rf1 b6 {1-0 Anand,V (2799)-Topalov,V (2780) Corus Wijk aan Zee 2008 (8)} ({RR} 27... b5 28. fxe5 Rxe5 ({RR} 28... dxe5 29. Qf3) 29. Nf3 Rf5 30. Nh4 ({RR} 30. Nd4 Rxf1 31. Rxf1 Qxc4 32. Ne6+ fxe6 33. Qxf6+ Kh6 ({RR} 33... Kh7 34. Rc1)) 30... Re5 31. cxb5)) ({RR} 13. c4 Rc8 14. Na5 Nfxd5 15. Bg5 Qxg5 16. Qxg5 Bh6 17. Qxh6 Rxh6 18. Nxb7 Kd7) 13... Be7 14. h4 $146 ({RR} 14. Kb1 Rc8 15. Qa5 Nbxd5 16. Qxd8+ Rxd8 17. c4 Nb4 18. a3 Nc6 19. Bd3 Nd7 20. Be3 f5 21. Rhe1 Kf7 22. h3 h4 23. f4 e4 24. Bc2 Nc5 25. Nc1 a5 26. Ne2 Rhg8 27. Nc3 g5 28. Rd2 gxf4 {1-0 Baches Garcia,G (2327)-Parfenov,V (2193) Titled Tue 15th Aug Late 2023 (7)}) ({RR} 14. Kb1 Nbxd5 15. c4 Nc7 16. Bxf6 Bxf6 17. Qxd6 Qxd6 18. Rxd6 Be7 19. Rd1 Rd8 20. Bd3 f5 21. Rhe1 Bf6 22. Na5 Ne6 23. Nxb7 Rb8 24. Na5 Rb6 25. Bc2 Ke7 26. a3 Rd6 27. b4 Nf4 28. g3 Rxd1+ {½-½ Harish,N (2213)-Xia,J (2034) 1000GM Memorial Day 2024 (8.23)}) 14... Nbxd5 15. a3 Qc7 16. Kb1 O-O-O 17. c4 Nb6 18. Rc1 Kb8 19. Bd3 Na4 20. Rhe1 Rhe8 21. Qc2 Nd7 22. Bxe7 Rxe7 23. g4 hxg4 24. fxg4 Ndc5 25. Nxc5 Nxc5 26. Be4 Qd7 27. Rg1 Rh8 28. h5 gxh5 29. Bf5 Qc6 30. Rh1 h4 31. Rh3 Ne6 32. Qf2 Qc5 33. Qh2 Nd4 34. Be4 Qc8 35. Rxh4 Rg8 36. Qh3 Ne2 37. Rc2 Nf4 38. Qf3 Rc7 39. b3 Ne6 40. Qd1 Nd4 41. Rf2 Rh8 42. Rfh2 Rxh4 43. Rxh4 Qd8 44. Rh6 Rd7 45. Ka2 Qg5 46. Rh8+ Ka7 47. a4 Qf4 48. Bb1 Qf2+ 49. Ka3 d5 50. cxd5 Rxd5 51. Qc1 Nc6 52. Rh1 Qd4 53. Qg1 Kb6 54. Be4 Qxg1 55. Rxg1 Rd4 56. Re1 Nb4 57. Re2 a5 58. Kb2 f6 59. Kc3 Kc5 60. Bxb7 Rxg4 61. Rf2 Rg3+ 62. Kd2 Rd3+ 63. Ke2 Rd6 64. Ke3 Rb6 65. Be4 Nd5+ 66. Kd2 Rxb3 67. Bxd5 Rb2+ 0-1

[Event "Olympiad Women 2024"]
[Site "Budapest HUN"]
[Date "2024.09.20"]
[Round "9.13"]
[Board "4"]
[White "Behzad Nazif, Parva"]
[Black "Sala, Giulia"]
[Result "1/2-1/2"]
[WhiteElo "2092"]
[BlackElo "2115"]
[PlyCount "99"]
[EventDate "2024.09.11"]
[WhiteTeam "Iran"]
[BlackTeam "Italy"]
[WhiteTeamCountry "IRI"]
[BlackTeamCountry "ITA"]

1. d4 d5 2. Nf3 Nf6 3. g3 e6 4. Bg2 h6 5. O-O Bd6 6. c4 O-O 7. Qc2 b6 8. Nc3 Bb7 9. cxd5 exd5 10. Nb5 ({RR} 10. Nh4 Re8 11. Nf5 Bf8 12. Bf4 Na6 13. Rfd1 c6 14. Rac1 Rc8 15. h3 Nc7 16. Be5 Ne6 17. Qa4 a5 18. Qb3 b5 19. a3 g6 20. Nh4 Nd7 21. Nf3 Nxe5 22. Nxe5 Nxd4 23. Rxd4 Rxe5 24. e4 Qb6 {0-1 Zimina,O (2291)-Krasteva,B (2251) European Women Rapid 2023 2024 (5.10)}) 10... Nc6 11. Nxd6 cxd6 12. Bd2 Qd7 $146 ({RR} 12... a5 13. Rfc1 b5 14. e3 Qb6 15. a3 Rfc8 16. Qd1 Ne7 17. Rxc8+ Bxc8 18. Rc1 Bf5 19. Bf1 Ne4 20. Ne1 Kf8 21. f3 Nxd2 22. Qxd2 Rc8 23. Rxc8+ Bxc8 24. Kf2 g6 {½-½ Stebbings,A (2257)-Davies,N (2354) World Senior Teams +50 2023 (7.4)}) 13. Rfc1 Rfc8 14. Qa4 a5 15. Qb3 Ba6 16. e3 Bc4 17. Qd1 Ne4 18. Be1 f5 19. Nd2 Nb4 20. Nxc4 dxc4 21. Bxb4 axb4 22. Bxe4 fxe4 23. d5 Qf5 24. b3 Rf8 25. Rc2 cxb3 26. axb3 Rxa1 27. Qxa1 Qxd5 28. Rc7 Rf7 29. Rxf7 Kxf7 30. Qa4 b5 31. Qxb4 Kg6 32. Kg2 h5 33. h4 Kf5 34. Qc3 Kg6 35. Qb4 Kf7 36. Qc3 Qc5 37. Qa5 b4 38. Qa8 d5 39. Qb7+ Kg6 40. Qd7 Kf6 41. Qd8+ Kf7 42. Qg5 g6 43. Qe5 Qc6 44. Qd4 Qd6 45. Kg1 Kg8 46. Qa7 Kf8 47. Kg2 Kg8 48. Qb7 Kf8 49. Qh7 Qf6 50. Qd7 1/2-1/2

[Event "Olympiad Women 2024"]
[Site "Budapest HUN"]
[Date "2024.09.20"]
[Round "9.14"]
[Board "1"]
[White "Efroimski, Marsel"]
[Black "Corrales Jimenez, Zenia"]
[Result "1-0"]
[WhiteElo "2408"]
[BlackElo "2170"]
[PlyCount "75"]
[EventDate "2024.09.11"]
[WhiteTeam "Israel"]
[BlackTeam "Mexico"]
[WhiteTeamCountry "ISR"]
[BlackTeamCountry "MEX"]

1. e4 c5 2. Nc3 Nc6 3. Bb5 Nd4 4. Nf3 e6 5. O-O a6 6. Bd3 Nc6 7. b3 g6 8. e5 Bg7 9. Re1 d5 10. exd6 Qxd6 11. Bb2 Nf6 12. Ne4 Qe7 13. Ne5 Nb4 $146 ({RR} 13... Nd4 14. c3 Nb5 15. Ng5 O-O 16. a4 Nd6 17. Ba3 Qc7 18. h4 Nd7 19. f4 Nxe5 20. fxe5 Nf5 21. Bxf5 exf5 22. d4 b6 23. a5 bxa5 24. Bxc5 Rd8 25. Qe2 Re8 26. Qc4 h6 27. e6 Bxe6 28. Nxe6 {1-0 Razafindratsima,T (2386)-Mekhane,A (2319) Paris IM 2022 (5)}) 14. Ng4 Nxg4 15. Bxg7 Rg8 16. Qxg4 Rxg7 17. Qg3 Kf8 18. Nd6 Nxd3 19. Qxd3 Qc7 20. b4 cxb4 21. Qd4 Qe7 22. Qxb4 f5 23. c4 a5 24. Qa3 Kg8 25. Rab1 h6 26. d4 Qd7 27. c5 Ra6 28. Rb3 Re7 29. Rbe3 Qc6 30. d5 Qxd5 31. Nxc8 Rc7 32. Nb6 Qxc5 33. Qxc5 Rxc5 34. Rxe6 Rc6 35. Re8+ Kf7 36. R8e7+ Kf6 37. Nd7+ Kg5 38. Nb8 1-0

[Event "Olympiad Women 2024"]
[Site "Budapest HUN"]
[Date "2024.09.20"]
[Round "9.14"]
[Board "2"]
[White "Miranda Rodriguez, Tania"]
[Black "Klinova, Masha"]
[Result "0-1"]
[WhiteElo "2090"]
[BlackElo "2227"]
[PlyCount "82"]
[EventDate "2024.09.11"]
[WhiteTeam "Mexico"]
[BlackTeam "Israel"]
[WhiteTeamCountry "MEX"]
[BlackTeamCountry "ISR"]

1. e4 d6 2. d4 Nf6 3. Nc3 e5 4. Nf3 Nbd7 5. Bc4 Be7 6. a4 O-O 7. a5 exd4 8. Qxd4 Nc5 ({RR} 8... c6 9. O-O Nc5 10. h3 Be6 11. Rd1 Re8 12. Bf4 Bf8 13. Bf1 d5 14. exd5 Nxd5 15. b4 Nd7 16. Nxd5 Bxd5 17. c4 Bxf3 18. gxf3 Nf6 19. Qxd8 Raxd8 20. b5 Rxd1 21. Rxd1 cxb5 22. cxb5 Bc5 23. Bc4 {1-0 Plat,V (2555)-Bosiocic,M (2625) EU-ch Online 2300+ Final 2020 (7)}) 9. O-O Bg4 $146 ({RR} 9... Be6 10. Bxe6 Nxe6 11. Qc4 c6 12. a6 d5 13. exd5 cxd5 14. Qe2 bxa6 15. Rxa6 Bb4 16. Nb5 Re8 17. Qd1 Bc5 18. Nbd4 Bb6 19. Ra3 Ne4 20. Be3 N6c5 21. Nb3 Ne6 22. Bxb6 Qxb6 23. Nfd4 Nf4 24. Qg4 {½-½ Deng,H (2336)-Jimenez Garcia,E (2367) 1000GM Independence Day 2 2024 (6.5)}) ({RR} 9... Be6 10. Re1 Re8 11. Bf4 Nfd7 12. Nd5 Bf6 13. Nxf6+ Qxf6 14. Bxe6 Nxe6 15. Qxf6 Nxf6 16. Bd2 Nd7 17. Bc3 f6 18. Nd4 Nxd4 19. Bxd4 a6 20. f3 Kf7 21. Kf2 Ne5 22. Ra3 Nc6 23. Bc3 b5 24. axb6 {1-0 Kleeschaetzky,R (2035)-Koellner,C (1992) GER-ch Net Amateur Gr-A Final blitz 2020 (8)}) 10. Nd2 c6 11. Re1 Re8 12. Nf1 Be6 13. Bxe6 Nxe6 14. Qd3 d5 15. exd5 cxd5 16. Ng3 Bb4 17. Rd1 Bxa5 18. Nxd5 Nxd5 19. Qxd5 Bb6 20. Qxd8 Raxd8 21. Be3 Bxe3 22. fxe3 a6 23. Kf2 Kf8 24. Rxd8 Rxd8 25. Ke2 Ke7 26. Rd1 Rxd1 27. Kxd1 Kd6 28. Kd2 Ke5 29. Kd3 Nc5+ 30. Kc4 b6 31. Kc3 Ne4+ 32. Nxe4 Kxe4 33. Kd2 h5 34. Ke2 h4 35. h3 a5 36. Kd2 f5 37. Ke2 g5 38. Kf2 b5 39. Ke2 a4 40. c3 g4 41. Kd2 gxh3 0-1

[Event "Olympiad Women 2024"]
[Site "Budapest HUN"]
[Date "2024.09.20"]
[Round "9.14"]
[Board "3"]
[White "Orian, Noga"]
[Black "Padilla Garcia, Cecilia Xasive"]
[Result "1-0"]
[WhiteElo "2187"]
[BlackElo "1954"]
[PlyCount "103"]
[EventDate "2024.09.11"]
[WhiteTeam "Israel"]
[BlackTeam "Mexico"]
[WhiteTeamCountry "ISR"]
[BlackTeamCountry "MEX"]

1. d4 Nf6 2. c4 c5 3. d5 b5 4. cxb5 a6 5. bxa6 e6 6. Nc3 exd5 7. Nxd5 Be7 8. Nxe7 ({RR} 8. e3 O-O 9. Ne2 Nxd5 10. Qxd5 Rxa6 11. Nc3 Rd6 12. Qf3 Nc6 13. Be2 Bb7 14. O-O Qa8 15. e4 Nd4 16. Qh5 Bxe4 17. Nxe4 Qxe4 18. Bd1 Rg6 19. Qh3 Ne2+ 20. Bxe2 Qxe2 21. a4 Bf6 22. Be3 c4 {½-½ Nakamura,H (2787)-Dubov,D (2701) Moscow Tal Memorial blitz 11th 2018 (2)}) 8... Qxe7 9. Bf4 Qe4 $146 ({RR} 9... d5 10. e3 O-O 11. Nf3 Rd8 12. Be2 Bxa6 13. O-O Nc6 14. Bxa6 Rxa6 15. Qe2 Rda8 16. Qb5 h6 17. a3 c4 18. Nd4 Nxd4 19. exd4 Qa7 20. Qc5 Qb7 21. Be5 Rc6 22. Qb4 Rb6 23. Qe1 Nd7 24. Bf4 {0-1 Romero Calduch,S (2216)-Majumder Shrayan (1921) World Amateur U2300 2023 (3.15)}) ({RR} 9... d5 10. e3 O-O 11. Nf3 Nc6 12. Bb5 Rxa6 13. O-O Rb6 14. Bxc6 Rxc6 15. Rc1 Ba6 16. Re1 Rd8 17. Qa4 Qb7 18. Qa5 Rdc8 19. Ne5 R6c7 20. h3 c4 21. Nd3 Rc6 22. Nb4 Rb6 23. Nxa6 Rxa6 24. Qc3 {0-1 Yilmaz,M (2633)-Nigalidze,G (2373) Titled Tue 27th Feb Early 2024 (4)}) ({RR} 9... d5 10. e3 O-O 11. Nf3 Nxa6 12. Be2 Bf5 13. O-O Nb4 14. a3 Nc6 15. h3 Rfd8 16. Bb5 Qb7 17. Bxc6 Qxc6 18. Qc1 Be4 19. Ne5 Qb5 20. f3 Bf5 21. g4 Be6 22. Rf2 Ne8 23. Qf1 c4 24. g5 {½-½ Matsenko,E (1673)-Aganesova,E (1867) Lozovatsky Mem B 2023 (3.35)}) ({RR} 9... d5 10. e3 O-O 11. Be2 Bxa6 12. Nf3 Nc6 13. Bxa6 Rxa6 14. O-O Rfa8 15. a3 Rb6 16. Qc2 h6 17. Rfc1 Ne4 18. Nd2 Nxd2 19. Qxd2 Na5 20. Qxd5 Rd8 21. Qe5 Qb7 22. Rd1 Rc8 23. Rac1 Re6 24. Qc3 {0-1 Salna,A (2165)-Narmontas,R (1936) Plunge op-A 41st 2022 (9)}) 10. e3 Qb4+ 11. Qd2 Qxd2+ 12. Kxd2 Nxa6 13. a3 d6 14. Rc1 Ke7 15. Bd3 Bb7 16. f3 Rhc8 17. Ne2 Nc7 18. Rhe1 Ne6 19. Bg3 d5 20. Nc3 c4 21. Bc2 Nc5 22. Nb5 Ra6 23. Nd4 Rb6 24. Nf5+ Kd7 25. Be5 Ke6 26. Bd4 g6 27. Ng3 Rd6 28. Ne2 Ke7 29. g4 Ne6 30. h4 Nxd4 31. Nxd4 h5 32. g5 Nd7 33. f4 Rb6 34. Kc3 Rb8 35. Rb1 Nc5 36. Rf1 Ne6 37. f5 Nf8 38. Rf2 Nd7 39. Re1 Ba8 40. e4 Rxb2 41. exd5+ Kd8 42. fxg6 fxg6 43. Nc6+ Bxc6 44. dxc6 Nc5 45. Kxc4 Na6 46. Rf8+ Kc7 47. Rf7+ Kb6 48. Bxg6 Nc7 49. Ree7 Nb5 50. Rb7+ Kxc6 51. Be4+ Kd6 52. Rf6+ 1-0

[Event "Olympiad Women 2024"]
[Site "Budapest HUN"]
[Date "2024.09.20"]
[Round "9.14"]
[Board "4"]
[White "Tec Rodas, Sofia Isavelina"]
[Black "Kochavi, Dana"]
[Result "0-1"]
[WhiteElo "1800"]
[BlackElo "2009"]
[PlyCount "94"]
[EventDate "2024.09.11"]
[WhiteTeam "Mexico"]
[BlackTeam "Israel"]
[WhiteTeamCountry "MEX"]
[BlackTeamCountry "ISR"]

1. e4 c6 2. Nf3 d5 3. Nc3 Bg4 4. Be2 e6 5. O-O Nf6 6. e5 Nfd7 7. d4 Be7 ({RR} 7... Bxf3 8. Bxf3 c5 9. Nxd5 Nc6 10. Ne3 Nxd4 11. Bxb7 Rb8 12. c3 Rxb7 13. cxd4 cxd4 14. Nc4 Nb6 15. Nxb6 axb6 16. Qf3 Rc7 17. Rd1 Bc5 18. Qg3 O-O 19. Bh6 f5 20. exf6 Bd6 21. fxg7 Re8 22. Qh3 {1-0 Rapport,R (2740)-Suleymanli,A (2543) 8th Gashimov Mem Blitz 2022 (3.5)}) ({RR} 7... c5 8. Be3 Nc6 9. Bb5 Nxd4 10. Bxd4 cxd4 11. Qxd4 Bxf3 12. gxf3 Be7 13. Ne4 dxe4 14. Rad1 O-O 15. Qxd7 exf3 16. Qxb7 Qb6 17. Qxb6 axb6 18. a4 Rfd8 19. h3 Bc5 20. c3 h5 21. b4 Be7 22. Kh2 {1-0 Galazka,A (1715)-Polanski,B (1550) Adolf Anderssen Mem 2024 (4.52)}) 8. h3 Bxf3 $146 ({RR} 8... Bh5 9. a3 c5 10. dxc5 Bxf3 11. Bxf3 Nxe5 12. b4 Nxf3+ 13. Qxf3 Bf6 14. Bb2 O-O 15. Rad1 Nc6 16. Na4 Bxb2 17. Nxb2 a5 18. b5 Ne7 19. c4 Qc7 20. cxd5 Nxd5 21. Nd3 Rfd8 22. Rc1 Nf6 23. Rfd1 {1-0 Jaskolka,T (2238)-Kalajzic,I (2062) Titled Tue 4th Apr Early 2023 (5)}) ({RR} 8... Bh5 9. Be3 O-O 10. Qd2 c5 11. Rfe1 Nc6 12. Rad1 Bxf3 13. Bxf3 cxd4 14. Bxd4 Nxd4 15. Qxd4 Bc5 16. Qg4 Qb6 17. Re2 Qxb2 18. Rd3 Qa1+ 19. Kh2 Nxe5 20. Rxe5 Bd6 21. g3 Bxe5 {0-1 Tanygina,Y (1665)-Lomakina,G (2024) Moscow op-B (Women) 14th 2018 (1)}) 9. Bxf3 c5 10. Re1 Nc6 11. Be3 O-O 12. Rb1 Rc8 13. Bg4 cxd4 14. Bxd4 Nxd4 15. Qxd4 Rc4 16. Qd3 Bb4 17. Qg3 Nc5 18. Be2 Bxc3 19. bxc3 Ne4 20. Qf4 Rc7 21. c4 Nc3 22. Rb4 a5 23. Rb3 Nxe2+ 24. Rxe2 dxc4 25. Rd2 Qe7 26. Rb6 Qa3 27. Qd4 c3 28. Rd3 Qxa2 29. Qd6 Qxc2 30. Kh2 Qxd3 31. Qxc7 Qd2 32. Rb3 c2 33. Rc3 Qxf2 34. Rxc2 Qf4+ 35. Kg1 Qe4 36. Rc4 Qe1+ 37. Kh2 h6 38. Rc5 a4 39. Qxb7 a3 40. Qa6 Qe3 41. Ra5 Qf4+ 42. Kg1 Rd8 43. Qf1 Qxf1+ 44. Kxf1 Rd1+ 45. Ke2 Ra1 46. Ra7 Kh7 47. Rxf7 a2 0-1

[Event "Olympiad Women 2024"]
[Site "Budapest HUN"]
[Date "2024.09.20"]
[Round "9.15"]
[Board "1"]
[White "Francisco Guecamburu, Candela Be"]
[Black "Noshin, Anjum"]
[Result "1-0"]
[WhiteElo "2294"]
[BlackElo "2085"]
[PlyCount "75"]
[EventDate "2024.09.11"]
[WhiteTeam "Argentina"]
[BlackTeam "Bangladesh"]
[WhiteTeamCountry "ARG"]
[BlackTeamCountry "BAN"]

1. e4 e5 2. Nf3 Nc6 3. Nc3 Nf6 4. Bb5 Bc5 5. O-O O-O 6. Nxe5 Nxe5 7. d4 Bd6 8. f4 Neg4 9. e5 Bb4 10. f5 d6 11. exf6 Nxf6 12. Bg5 Bxc3 13. bxc3 d5 14. Bd3 Qd6 15. Qf3 c6 $146 ({RR} 15... c5 16. Bxf6 Qxf6 17. Qxd5 cxd4 18. cxd4 Rd8 19. Qe5 Qxe5 20. dxe5 Re8 21. Rae1 Bd7 22. Bc4 Rac8 23. Bb3 Re7 24. e6 fxe6 25. fxe6 Bb5 26. Rf4 Rd8 27. Re5 Be8 28. Rd5 Rxd5 29. Bxd5 Bc6 30. c4 {1-0 Milov,L (2558)-Wernert,W (2365) BL2-Ost 0910 2009 (4.1)}) 16. Rae1 h6 17. Bf4 Qd8 18. g4 c5 19. dxc5 Bd7 20. Be5 Bc6 21. Qf4 Ne4 22. Bxg7 Kxg7 23. Rxe4 dxe4 24. f6+ Kh7 25. Qf5+ Kg8 26. Qh5 Qd7 27. Rf5 Qxf5 28. gxf5 Kh7 29. Bc4 Be8 30. Kf2 Rd8 31. Ke3 Rc8 32. Qd1 Bc6 33. Qg4 Rg8 34. Qh5 Rg5 35. Qxf7+ Kh8 36. Qe6 Rf8 37. Qe7 Re8 38. f7 1-0

[Event "Olympiad Women 2024"]
[Site "Budapest HUN"]
[Date "2024.09.20"]
[Round "9.15"]
[Board "2"]
[White "Nusrat Jahan, Alo"]
[Black "Campos, Maria Jose"]
[Result "0-1"]
[WhiteElo "2033"]
[BlackElo "2252"]
[PlyCount "104"]
[EventDate "2024.09.11"]
[WhiteTeam "Bangladesh"]
[BlackTeam "Argentina"]
[WhiteTeamCountry "BAN"]
[BlackTeamCountry "ARG"]

1. e4 e5 2. Nf3 Nc6 3. Bc4 Nf6 4. Ng5 d5 5. exd5 Na5 6. Bb5+ Bd7 7. Qe2 Be7 8. Nc3 O-O 9. Nf3 ({RR} 9. O-O Bg4 10. f3 Bh5 11. Qxe5 a6 12. Nge4 Bg6 13. Bd3 Re8 14. Kh1 b5 15. Qd4 Nc6 16. Qf2 Nxd5 17. Nxd5 Qxd5 18. Nc3 Qe5 19. f4 Qd4 20. f5 Bh5 21. Be4 Qxf2 22. Rxf2 Bc5 23. Rf1 Be2 {1-0 Socko,B (2637)-Naiditsch,A (2685) EU-chT (Men) 17th 2009 (5)}) ({RR} 9. O-O c6 10. dxc6 Nxc6 11. Bxc6 Bxc6 12. d3 h6 13. Nge4 Nd5 14. Ng3 Nxc3 15. bxc3 Qd5 16. Qe4 Qxe4 17. dxe4 Rac8 18. Be3 b6 19. Rfd1 Ba4 20. Ne2 Rc7 21. Rd2 Rfc8 22. Rb1 f6 23. f3 Kf7 {0-1 Jarocka,L (2199)-Shuvalova,P (2455) Swiss Queens Wed #2 2024 (9.90)}) 9... Bg4 $146 ({RR} 9... Bxb5 10. Qxb5 c6 11. dxc6 Nxc6 12. d3 a6 13. Qa4 b5 14. Qh4 Rc8 15. Be3 Nd5 16. Bg5 f6 17. Bd2 Ndb4 18. Rc1 Nd4 19. Kd1 Nbxc2 20. Nxd4 Nxd4 21. Qe4 Kh8 22. f4 f5 23. Qxe5 Bf6 24. Qe3 {0-1 Varney,Z (1917)-Hebden,M (2453) Caplin British Online 2020 (8)}) ({RR} 9... Bxb5 10. Qxb5 c6 11. dxc6 Nxc6 12. O-O Nd4 13. Qxe5 Nxc2 14. Rb1 Bd6 15. Qf5 Nb4 16. d4 Re8 17. Bg5 Rc8 18. a3 Nc6 19. Rbd1 Be7 20. d5 Nb8 21. d6 Bxd6 22. Nb5 Rc5 23. Bxf6 Rxf5 24. Bxd8 {1-0 Lorenzo de la Riva,L (2420)-Taboas Rodriguez,D (2359) Titled Tue 20th Dec Early 2022 (3)}) ({RR} 9... e4 10. Ne5 c6 11. dxc6 Nxc6 12. Nxd7 Qxd7 13. Nxe4 Qd5 14. Bxc6 Qxc6 15. d3 Nxe4 16. dxe4 f5 17. e5 Qxg2 18. Rf1 Bh4 19. Qc4+ Kh8 20. Qxh4 f4 21. Qh5 Rae8 22. Bd2 Qe4+ 23. Qe2 Qxc2 24. Bc3 {1-0 Jakubowski,K (2459)-Lopez Gracia,F (2259) Titled Tuesday intern op 14th Jun Early blitz 2022 (4)}) 10. h3 Bh5 11. Bd3 Re8 12. O-O Nxd5 13. Bxh7+ Kxh7 14. Qe4+ f5 15. Qxd5 Qxd5 16. Nxd5 Bxf3 17. gxf3 Bd6 18. d3 Nc6 19. c3 a5 20. a4 Kg6 21. f4 e4 22. d4 Rh8 23. Kg2 Rae8 24. Be3 Nb8 25. c4 c6 26. Nb6 Rh4 27. c5 Bc7 28. Nc4 Na6 29. Kg3 Reh8 30. Rh1 Nb4 31. Ne5+ Bxe5 32. dxe5 Nd5 33. Bd2 Kf7 34. Rae1 g5 35. fxg5 f4+ 36. Kg2 Ke6 37. Bxa5 Rg8 38. Kf1 Kxe5 39. b4 Kf5 40. g6 Rxg6 41. b5 e3 42. Rh2 Ke4 43. Rg2 Rxg2 44. Kxg2 f3+ 45. Kg3 Rh8 46. Bd2 Rg8+ 47. Kh4 e2 48. b6 Nf4 49. Bxf4 Kxf4 50. Kh5 Rg5+ 51. Kh6 Rxc5 52. h4 Rd5 0-1

[Event "Olympiad Women 2024"]
[Site "Budapest HUN"]
[Date "2024.09.20"]
[Round "9.15"]
[Board "3"]
[White "Borda Rodas, Anapaola S."]
[Black "Wadifa, Ahmed"]
[Result "1-0"]
[WhiteElo "2216"]
[BlackElo "1988"]
[PlyCount "61"]
[EventDate "2024.09.11"]
[WhiteTeam "Argentina"]
[BlackTeam "Bangladesh"]
[WhiteTeamCountry "ARG"]
[BlackTeamCountry "BAN"]

1. e4 c5 2. Nf3 e6 3. d4 cxd4 4. Nxd4 a6 5. Bd3 Nc6 6. Nxc6 dxc6 7. Bf4 Bc5 ({RR} 7... Ne7 8. Be3 e5 9. Nd2 Ng6 10. g3 Be7 11. a4 Be6 12. h4 h6 13. Bc4 Qd6 14. c3 Bxc4 15. Nxc4 Qe6 16. Qb3 O-O 17. Nd2 Qd7 18. a5 Rfd8 19. O-O-O c5 20. Nc4 Qe6 21. Rd2 Rxd2 22. Nxd2 {½-½ Hovhannisyan,R (2626)-Quparadze,G (2476) EU-ch 21st Reykjavik 2021 (10)}) ({RR} 7... Qf6 8. Be3 e5 9. Nd2 Be6 10. Qe2 Bd6 11. g3 Qe7 12. f4 Nf6 13. f5 Bc8 14. O-O-O b5 15. g4 Bc5 16. g5 Nd7 17. f6 gxf6 18. gxf6 Qxf6 19. Rhf1 Qe7 20. Nb3 Bxe3+ 21. Qxe3 a5 22. Qh6 {1-0 Kistrup,N (2421)-Syrkiewicz,M (2074) TCh-POL 1st League 2024 (2.15)}) 8. O-O $146 ({RR} 8. Nc3 Nf6 9. O-O h5 10. Be2 Qd4 11. Bf3 e5 12. Be3 Qxd1 13. Nxd1 Be7 14. Bg5 Nd7 15. Bxe7 Kxe7 16. Ne3 Nb6 17. c4 Be6 18. b3 g6 19. Rad1 Rhd8 20. Rxd8 Rxd8 21. Rd1 Rxd1+ 22. Bxd1 Nd7 {½-½ Kotov,D (2152)-Kharajan,K RUS-chT Clubs U18 2004 (1)}) ({RR} 8. Nd2 Qf6 9. Bg3 e5 10. Qh5 g6 11. Qxe5+ Qxe5 12. Bxe5 f6 13. Bc3 Be6 14. Nf3 O-O-O 15. Ng5 Re8 16. O-O h6 17. Nxe6 Rxe6 18. Rfe1 b5 19. a4 Kb7 20. axb5 axb5 21. b4 Bb6 22. e5 f5 {1-0 Dochev,D (2430)-Avramov,A (2205) BUL-chT Varna 1995 (6)}) 8... Ne7 9. e5 Ng6 10. Bxg6 hxg6 11. Qxd8+ Kxd8 12. Nd2 f6 13. Ne4 Be7 14. Rad1+ Ke8 15. c4 c5 16. Be3 Rh5 17. exf6 gxf6 18. g4 Rh4 19. f3 Bd7 20. Bxc5 Bc6 21. Bf2 Rh3 22. Bg3 Kf7 23. a3 e5 24. b4 f5 25. Nf2 Rxg3+ 26. hxg3 Bxf3 27. Rde1 Rh8 28. gxf5 gxf5 29. Nd3 Rh1+ 30. Kf2 Rxf1+ 31. Rxf1 1-0